Koniec homo ekonomicus
Výsledky behaviorálnej ekonómie zohrávajú veľký význam férového správania a kultúry dôvery v organizáciách, ktoré si zakladajú na spolupráci a transparentnosti.
Salvato in:
| Autore principale: | |
|---|---|
| Natura: | Capitolo di libro |
| Lingua: | slovacco |
| Soggetti: | |
| Tags: |
Nessun Tag, puoi essere il primo ad aggiungerne!!
|
MARC
| LEADER | 00000naa a2200000 4500 | ||
|---|---|---|---|
| 001 | 0186333 | ||
| 005 | 20230912114224.8 | ||
| 041 | 0 | |a slo | |
| 044 | |a SK | ||
| 245 | 1 | 0 | |a Koniec homo ekonomicus |c Martina Kazičková |
| 520 | |a Výsledky behaviorálnej ekonómie zohrávajú veľký význam férového správania a kultúry dôvery v organizáciách, ktoré si zakladajú na spolupráci a transparentnosti. | ||
| 610 | 2 | 0 | |a manažéri |
| 610 | 2 | 0 | |a manažment |
| 610 | 2 | 0 | |a vedenie ľudí |
| 610 | 2 | 0 | |a metódy riadenia |
| 610 | 2 | 0 | |a správanie sociálne |
| 610 | 2 | 0 | |a kultúra podniková |
| 610 | 2 | 0 | |a behaviorizmus |
| 100 | 1 | |a Kazičková, Martina | |